Catálogo

LA VOZ EN EL DESIERTO : (Registro nro. 16402)

Detalles MARC
000 -LEADER
fixed length control field 00601nam a2200205 a 4500
001 - CONTROL NUMBER
control field 16402
005 - DATE AND TIME OF LATEST TRANSACTION
control field 20180713205326.0
008 - FIXED-LENGTH DATA ELEMENTS--GENERAL INFORMATION
fixed length control field 140415s1982 sp 000 0 spa d
020 ## - INTERNATIONAL STANDARD BOOK NUMBER
International Standard Book Number 8474900700
041 ## - LANGUAGE CODE
Language code of text/sound track or separate title spa
082 ## - DEWEY DECIMAL CLASSIFICATION NUMBER
Classification number 248.2
Item number GRY
100 1# - MAIN ENTRY--PERSONAL NAME
Personal name GRYGIEL, STANISLAW
245 13 - TITLE STATEMENT
Title LA VOZ EN EL DESIERTO :
Remainder of title POST SCRIPTUM AL MAGISTERIO DE JUAN PABLO II
250 ## - EDITION STATEMENT
Edition statement 1a ed.
260 ## - PUBLICATION, DISTRIBUTION, ETC.
Place of publication, distribution, etc. ESPAÑA :
Name of publisher, distributor, etc. EDICIONES ENCUENTRO,
Date of publication, distribution, etc. 1982
300 ## - PHYSICAL DESCRIPTION
Extent 181
490 ## - SERIES STATEMENT
Series statement LIBROS DE BOLSILLO
Volume/sequential designation 15
650 14 - SUBJECT ADDED ENTRY--TOPICAL TERM
Topical term or geographic name entry element MISTICISMO
General subdivision CRISTIANO
-- VIDA ESPIRITUAL
700 1# - ADDED ENTRY--PERSONAL NAME
Personal name VILLALBA, ALBERTO
Relator term tr.
Existencias
Withdrawn status Lost status Source of classification or shelving scheme Damaged status Not for loan Collection code Home library Current library Shelving location Date acquired Source of acquisition Inventory number Total Checkouts Full call number Barcode Date last seen Price effective from Koha item type Date last checked out
    Dewey Decimal Classification     General Biblioteca Karol Wojtyla Biblioteca Karol Wojtyla Sala general 03/12/2013 Compra 151000000000000000056462   248.2 GRY 34198 05/01/2026 03/12/2013 Libro  
    Dewey Decimal Classification     General Biblioteca Karol Wojtyla Biblioteca Karol Wojtyla Sala general 03/12/2013 Compra 151000000000000000056463   248.2 GRY 44394 05/01/2026 03/12/2013 Libro 05/04/2014